Mies Van der Rohe: Die Struktur des Raumes, 1886-1969

Uloženo v:
Podrobná bibliografie
Hlavní autor: Zimmerman, Claire (Autor)
Médium: Kniha
Jazyk:němčina
Vydáno: Colonia Taschen 2017
Vydání:1a. ed
Témata:
Tagy: Přidat tag
Žádné tagy, Buďte první, kdo vytvoří štítek k tomuto záznamu!

MARC

LEADER 00000cam a2200000 a 4500
001 UCB0151
003 CL-VaPUC
005 20240805121243.0
008 191213e20170000gw ger d
020 |a 9783836560399 
082 0 4 |a 720  |b ZIM  |2 21 
100 1 |a Zimmerman, Claire  |e author  |9 605480 
245 1 0 |a Mies Van der Rohe: Die Struktur des Raumes, 1886-1969 
250 |a 1a. ed 
260 |a Colonia  |b Taschen  |c 2017 
300 |a 96 p 
583 |a last modification  |c 20191213 11:48:00  |k Rodrigo Vera 
600 0 |a Mies Van der Rohe, Ludwig,  |d 1886-1969  |9 269040 
650 0 0 |a Arquitectura moderna  |9 265021 
650 0 0 |a Diseño arquitectónico   |9 265271 
942 |c BK 
945 |a dcastane  |d 20191213 11:48:00 
999 |c 376354  |d 376352 
952 |0 0  |1 0  |3 erd  |4 0  |6 720_000000000000000_ZIM_2017  |7 0  |8 ?  |9 495745  |a BIBARQ  |b BIBARQ  |i 5611792  |o 720 ZIM 2017  |p 5611792  |r 2025-01-20  |w 2020-01-06  |y BK  |z Catalogado en:20191213  |k ARQ